| 000 | 00523nam a2200181Ia 4500 | ||
|---|---|---|---|
| 999 |
_c14730 _d14730 |
||
| 003 | OSt | ||
| 005 | 20201019094245.0 | ||
| 008 | 190216s9999||||xx |||||||||||||| ||und|| | ||
| 020 | _a9780198072577 | ||
| 040 | _coclc | ||
| 082 |
_a305.30954 _bRAJ/G |
||
| 100 |
_aRaju, Saraswati _95852 |
||
| 245 | 0 |
_aGendered Geographies / _cSaraswati Raju |
|
| 260 |
_bOxford University Press, _c2011. _aNew Delhi: |
||
| 300 | _a316p | ||
| 650 | _aEnglish | ||
| 942 |
_cBK _2ddc _h305.30954 _iRAJ/G _k305.30954 _mRAJ/G |
||